000 00923cam a2200229 4500
001 ABS62300
008 000000n2000 000 0 eng u
035 _a(Sirsi) u106263
100 _aSkelton, N.
245 _aBetween you and me
260 _c2000
490 _aSolicitors' Journal
_v144(18) 12 May 2000, 448(1)
520 _aConsiders the concept of client confidentiality, and the fiduciary duties and additional statutes governing professionals' activities on behalf of clients and with third parties. Urges the exercise of vigilance before acting upon 'market information' or that received 'off the record'.
590 _aABS
650 _aCLIENT CONFIDENTIALITY
650 _aSATNAM INVESTMENTS LTD V DUNLOP AND HEYWOOD & CO LTD
650 _aFIDUCIARY DUTIES
650 _aMARKET INFORMATION
650 _aROYAL BRUNEI AIRLINES SDN BHD V TAN
690 _aPROPERTY-COMMERCIAL PROPERTY
942 _n0
999 _c63640
_d63640